1611 1438 1327 1877 1886 1865 1528 1739 1754 1066 1463 1767 1284 1809 1033 1413 1295 1376 1682 1800 1589 1602 1019 1082 1001 1603 1450 1521 1211 1896 1969 1890 1159 1885 1519 1408 1348 1225 1350 1140 1457 1817 1113 1642 1667 1569 1845 1898 1726 1846 1468 1353 1264 1183 1887 1967 1068 1251 1121 1506 1430 1423 1534 1279 1104 1504 1380 1388 1435 1259 1896 1666 1009 1146 1810 1919 1727 1514 1663 1520 1920 1338 1881 1944 1297 1638 1429 1158 1220 1569 1957 1270 1830 1945 1578 1259 1488 1797 1323 BCNSPRNW ULIB Ver.6.0+V

เปลี่ยนเป็นภาษาไทย

Change to English
 แสดงรายละเอียดบรรณานุกรม
  กลับหน้าหลัก

Brief Record : Get Marc (ISO 2709) : E-mail record : QR code < ปิดหน้าต่าง
LEADER : 00000nam 2200000uu 4500
001    13399115015
003     ULIB
008    120701s2552||||th 000 0 tha d
020    ^a9789740325697
060  4 ^aW13^bส773พ
100 0  ^aสุทธิพร จิตต์มิตรภาพ
245 10 ^aพจนานุกรมศัพท์แพทย์ /^cสุทธิพร จิตต์มิตรภาพ และคณะ
250    ^aพิมพ์ครั้งที่ 1
260    ^aกรุงเทพฯ :^bสำนักพิมพ์แห่งจุฬาลงกรณ์มหาวิทยาลัย,^c2552
300    ^a1,452 หน้า ;^c21 ซม.
490 0  ^aจุฬาฯ พจนานุกรม ;^vเล่มที่ 15
650  4 ^aการแพทย์^vพจนานุกรม
650  4 ^aแพทยศาสตร์^vพจนานุกรม
945    ^p520^l0^i16525
945    ^p520^l0^i19776
945    ^p520^l0^i19777
945    ^p520^l0^i19778
995    ^aกัณชพร
999 ^a ใช้งานได้ทุกระบบ
รายการนี้ยังไม่มีแท็ก
คุณยังไม่ได้ล็อกอิน คุณสามารถมีกิจกรรมร่วมกับเว็บไซต์ได้ แต่ต้องล็อกอินก่อน ::
  ล็อกอิน

รายการสื่อสารสนเทศ

ลำดับที่ ประเภท เลขเรียก/บาร์โค้ด สถานที่ สถานะ
1. วิทยาศาสตร์การแพทย์ และสุขภาพ
วิทยาศาสตร์การแพทย์ และสุขภาพ
W13 ส773พ ฉ.2 
  Barcode: 19776
ห้องสมุดวิทยาเขตสวรรค์ประชารักษ์
►หนังสือทั่วไป
บนชั้น
2. วิทยาศาสตร์การแพทย์ และสุขภาพ
วิทยาศาสตร์การแพทย์ และสุขภาพ
W13 ส773พ ฉ.3 
  Barcode: 19777
ห้องสมุดวิทยาเขตสวรรค์ประชารักษ์
►หนังสือทั่วไป
บนชั้น
3. วิทยาศาสตร์การแพทย์ และสุขภาพ
วิทยาศาสตร์การแพทย์ และสุขภาพ
W13 ส773พ ฉ.4 
  Barcode: 19778
ห้องสมุดวิทยาเขตสวรรค์ประชารักษ์
►หนังสือทั่วไป
บนชั้น

รายการใกล้เคียง
    ผู้แต่ง [สุทธิพร จิตต์มิตรภาพ]

BibComment


ยังไม่เคยถูกคอมเมนท์

คอมเมนท์ทรัพยากรรายการนี้
  คอมเมนท์: พจนานุกรมศัพท์แพ..


 Copyright 2026. Bcnsprnw @Library